Verilog HDL: (Record no. 158485)

MARC details
000 -LEADER
fixed length control field 00678nam a22002297a 4500
005 - DATE AND TIME OF LATEST TRANSACTION
control field 20210209154447.0
010 ## - LCCN (DPL NO)
LC control number B-710686
020 ## - INTERNATIONAL STANDARD BOOK NUMBER
International Standard Book Number 9788177589184
035 ## - SYSTEM CONTROL NUMBER
System control number B-710686
037 ## - SOURCE OF ACQUISITION
Source of stock number/acquisition Gift
082 ## - DEWEY DECIMAL CLASSIFICATION NUMBER
Classification number 621.392
100 ## - MAIN ENTRY--PERSONAL NAME
Personal name Palnitkar, Samir
245 ## - TITLE STATEMENT
Title Verilog HDL:
Remainder of title a guide to digital design and synthesis /
Statement of responsibility, etc Samir Palnitkar
246 ## - VARYING FORM OF TITLE
Title proper/short title VHDL
250 ## - EDITION STATEMENT
Edition statement 2nd ed.
260 ## - PUBLICATION, DISTRIBUTION, ETC. (IMPRINT)
Place of publication, distribution, etc New Delhi
Name of publisher, distributor, etc Pearson
Date of publication, distribution, etc 2010
270 ## - ADDRESS
Address 14 Local Shopping Centre, Panchsheel Park
City New Delhi
Postal code 110017
300 ## - PHYSICAL DESCRIPTION
Extent 490p.
Dimensions 24 cm (pbk)
500 ## - GENERAL NOTE
General note includes index
942 ## - ADDED ENTRY ELEMENTS (KOHA)
Source of classification or shelving scheme Dewey Decimal Classification
Item type English Books
Classification part 621.392
Call number suffix PAL
Holdings
Withdrawn status Lost status Not for loan Collection code Home library Current library Date acquired Source of acquisition Full call number Barcode Copy number Koha item type
      Non-fiction Ashok Vihar Ashok Vihar 31/10/2018 Gift/16-10-2018 621.392 PAL B-710686 1 English Books

© Delhi Public Library
Hit Counter
free hit counter